Hướng dẫn học lập trình với C++

সংরক্ষণ করুন:
গ্রন্থ-পঞ্জীর বিবরন
প্রধান লেখক: Hilyaro, Jay
বিন্যাস: গ্রন্থ
ভাষা:Undetermined
প্রকাশিত: Hà Nội Thống Kê 2004
বিষয়গুলি:
ট্যাগগুলো: ট্যাগ যুক্ত করুন
কোনো ট্যাগ নেই, প্রথমজন হিসাবে ট্যাগ করুন!
Thư viện lưu trữ: Trung tâm Học liệu Trường Đại học Cần Thơ
LEADER 00564nam a2200193Ia 4500
001 CTU_74514
008 210402s9999 xx 000 0 und d
020 |c 43000 
082 |a 005.133 
082 |b H656/T.1 
100 |a Hilyaro, Jay 
245 0 |a Hướng dẫn học lập trình với C++ 
245 0 |c Jay Hilyaro ; Ngọc Tuấn biên dịch 
260 |a Hà Nội 
260 |b Thống Kê 
260 |c 2004 
650 |a C++ (computer program language) 
904 |i Minh 
980 |a Trung tâm Học liệu Trường Đại học Cần Thơ